00759nam a2200229Ia 45000010006000000050017000060070003000230080041000260400025000670410008000920820018001001000032001182450106001502500013002562600047002696530019003166530020003356530015003559420012003709520130003829990017005124111020240114003406.0ta080205s1994 g b000 u 346 u aCotton College,Assam a346 a297bAh 51 El aAhmed Ali, Hazarat Moulana. 0aElme Marif Ater Bishista Bahantray O Mashaekh Charit /cHazarat Moulana Ahmed Ali.hTextual Documents a1st ed / aHojai (Assam) :bMarakazul Maarif ,c1994. aReligion-Islam aIslamic Studied aG-Religion 2ddccBK 001040708Circulation (G)aSKBLbSKBLd2012-02-01f00000l0o297 Ah 51 Elp2502/Newr2024-01-14 00:00:00t1w2012-02-01yBK c41080d41080